Airpower synergies in the new strategic era : the complementary roles of long-range bombers & carrier-based aircraft /

Bibliographic Details
Main Author: Perry, Charles M.
Corporate Authors: Institute for Foreign Policy Analysis, Fletcher School of Law and Diplomacy
Other Authors: Rothenberg, Laurence E., Davis, Jacquelyn K.
Format: Book
Language:English
Published: McLean, Va : Brassey's, Inc., [1997]
Subjects:

MARC

Tag First Indicator Second Indicator Subfields
LEADER 00000cam a2200000 a 4500
001 in00001425321
005 20151020084446.0
008 970919s1997 vaua b 000 0 eng d
035 |a (OCoLC)37648817 
035 |9 AHR6247AM 
040 |a AAU  |c AAU  |d WNC  |d TXA  |d UtOrBLW 
049 |a TXAM 
090 |a UG1242.B6  |b .P466 1997 
092 |a 358.42  |b P462a 
100 1 |a Perry, Charles M. 
245 1 0 |a Airpower synergies in the new strategic era :  |b the complementary roles of long-range bombers & carrier-based aircraft /  |c Charles M. Perry, Laurence E. Rothenberg, Jacquelyn K. Davis. 
246 3 0 |a Complementary roles of long-range bombers & carrier-based aircraft 
264 1 |a McLean, Va :  |b Brassey's, Inc.,  |c [1997] 
264 4 |c ©1997 
300 |a xxviii, 88 pages :  |b illustrations ;  |c 23 cm. 
336 |a text  |b txt  |2 rdacontent 
337 |a unmediated  |b n  |2 rdamedia 
338 |a volume  |b nc  |2 rdacarrier 
500 |a "Special report." 
500 |a "A publication of the Institute for Foreign Policy Analysis in association with the Fletcher School of Law and Diplomacy, Tufts University." 
504 |a Includes bibliographical references. 
650 0 |a Airpower  |z United States. 
650 0 |a Fighter planes  |z United States. 
650 0 |a Strategic bombers  |z United States. 
650 0 |a Strategy. 
700 1 |a Rothenberg, Laurence E. 
700 1 |a Davis, Jacquelyn K. 
710 2 |a Institute for Foreign Policy Analysis. 
710 2 |a Fletcher School of Law and Diplomacy. 
948 |a c:ktn 
999 |a MARS 
999 f f |s 7f4344eb-216f-31fa-8b12-867aae9512ea  |i e111db97-8233-3506-b3b9-ce97395a5bec  |t 0 
952 f f |p noncirc  |a Texas A&M University  |b College Station  |c Cushing Memorial Library & Archives  |d Cushing: Ragan Military (Does not check out)  |t 0  |e UG1242.B6 .P466 1997  |h Library of Congress classification  |i unmediated -- volume 
952 f f |p ric  |a Texas A&M University  |b Rellis Campus  |c Joint Library Facility  |d Remote Storage  |t 0  |e UG1242.B6 .P466 1997  |h Library of Congress classification  |i unmediated -- volume  |m A14820406312 
998 f f |a UG1242.B6 .P466 1997  |t 0  |l Remote Storage 
998 f f |a UG1242.B6 .P466 1997  |t 0  |l Cushing: Ragan Military (Does not check out)